[Event "Queens-Kings"]
[Site "Jinan"]
[Date "2002.07.25"]
[Round "3"]
[White "Seirawan, Yasser"]
[Black "Xie, Jun"]
[Result "0-1"]
[WhiteElo "2618"]
[BlackElo "2562"]
[Annotator "Hazai,L"]
[PlyCount "61"]
[EventDate "2002.07.21"]
[EventType "schev"]
[EventRounds "4"]
[EventCountry "CHN"]
[SourceTitle "CBM 091"]
[Source "ChessBase"]
[SourceDate "2002.11.12"]
[SourceVersion "1"]
[SourceVersionDate "2002.11.12"]
[SourceQuality "1"]

1. d4 Nf6 2. c4 g6 3. Nc3 Bg7 4. e4 d6 5. f3 O-O 6. Be3 Nc6 7. Qd2 a6 8. O-O-O
{White castles too early on the << allowing Black a quick assault by} ({
The prophylactic} 8. Nge2 {is the main line and not without a reason.}) 8... b5
$1 9. Kb1 ({Accepting the P sac opens the a and b lines for the black heavy
artillery.} 9. cxb5 $6 axb5 10. Bxb5 Na5 11. Kb1 (11. Bh6 c6 12. Bxg7 Kxg7 13.
Bd3 {(Christiansen-Hjartarson, Szirak izt 1987 44/731)} Qb6 $1 14. e5 Nd5 15.
Nxd5 cxd5 16. Ne2 Ba6 $17 {with a strong -> for Black according to Hjartarson.}
) 11... Ba6 12. Bxa6 Rxa6 13. Qd3 Qa8 14. Nge2 Rb8 {all the black pieces are
ready for an ->.} 15. Bc1 e6 $1 {/\ d5} 16. h4 {White's counterattack on the
>> is simply pathetic.} d5 17. h5 Nc4 $15 {Petursson-Gufeld, Hastings 1986/87
43/734}) (9. h4 h5 (9... e5 10. d5 Na5 11. cxb5 (11. g4) 11... axb5 12. Bxb5
Bd7 13. Qd3 Bxb5 14. Nxb5 Qd7 15. Nc3 Rfb8 16. Nge2 Rb4 17. b3 c5 $5 (17... Nh5
18. Qc2 Nb7 19. Na4 $14 {Lev-Winsnes, Groningen 1986}) 18. dxc6 Qxc6) 10. Bh6
e5 11. Nge2 bxc4 {Black wants to make profit from the move order.} (11... Rb8 {
E84}) 12. g4 Bxh6 (12... hxg4 $2 {allows the quick -> by} 13. h5 $1 Nxh5 14.
Ng3 $1 Nxg3 15. Bxg7 $18) 13. Qxh6 Bxg4 14. fxg4 (14. Rg1 $6 Bxf3 15. Nf4 $1 {
(Dolmatov-Thorsteins, Polanica Zdroj 1987 44/732)} exf4 $1 16. Bxc4 Bg4 17. e5
Nh7 18. Ne4 $44 {Dolmatov}) 14... Nxg4 15. Qd2 Nf2 16. Rh2 $13) (9. g4 $5 {
/\ h4 Dolmatov}) 9... Bd7 (9... Na5 {is probably met by} 10. c5 $5 (10. cxb5
axb5 11. Bxb5 {- 9.cxb5})) 10. cxb5 axb5 11. Bxb5 Qb8 12. Nge2 Nb4 {Black has
ample play for the P.} 13. Bc4 (13. Bxd7 Nxd7 14. Nc1 c5 15. dxc5 Nxc5 16. Bd4
Bxd4 17. Qxd4 Rc8 $40 {with pressure on the lines of the <<.}) 13... Qb7 {[#]}
14. g4 $2 {[%mdl 16384] This is a big strategical blunder.} (14. Bb3 {can also
be met by the standard} d5 15. Ng3 (15. e5 $2 Bf5+ 16. Ka1 Rfb8 $1 $40 {/\} 17.
exf6 Nc2+ 18. Kb1 Qxb3 19. axb3 Ra1#) 15... dxe4 16. fxe4 Rfb8 $40) 14... d5 $1
$17 {This push in the [+] grabs the |^.} 15. exd5 Nfxd5 16. Nxd5 Nxd5 17. Bh6
Bxh6 18. Qxh6 Nb6 19. Bb3 Qxf3 20. Nc3 Qxg4 21. h4 Na4 $6 {This allows the
centralization of the enemy N.} (21... Ra5 $17) 22. Nd5 Be6 $6 (22... Kh8 {
was more to the point.}) 23. Nxe7+ Kh8 24. d5 (24. Qg5 $1) 24... Bf5+ 25. Nxf5
Qxf5+ 26. Bc2 Qd7 27. Qf4 Rfb8 28. Bxa4 (28. Bb3) 28... Rxa4 29. Qf6+ Kg8 30.
h5 Qg4 31. h6 $2 {What happened? Was it a time trouble?} (31. Rhf1 $1) (31. h6
$2 Rxb2+ $1 32. Qxb2 (32. Kxb2 $2 Qe2+ $19) 32... Rb4 $15 {and White is far
from losing this _|_.}) 0-1

[Event "EU-ch 17th"]
[Site "Gjakova"]
[Date "2016.05.17"]
[Round "6"]
[White "Duda, Jan Krzysztof"]
[Black "Demchenko, Anton"]
[Result "0-1"]
[WhiteElo "2666"]
[BlackElo "2589"]
[Annotator "Szabo,Kr"]
[PlyCount "154"]
[EventDate "2016.05.12"]
[EventType "swiss"]
[EventRounds "11"]
[EventCountry "KOS"]
[SourceTitle "CBM 173"]
[Source "ChessBase"]
[SourceDate "2016.07.12"]
[SourceVersion "1"]
[SourceVersionDate "2016.07.12"]
[SourceQuality "1"]

1. d4 Nf6 2. c4 g6 3. Nc3 Bg7 4. e4 O-O 5. f3 d6 6. Be3 Nc6 (6... e5) (6... c5
{are also main lines.}) 7. Qd2 a6 8. Nge2 Bd7 (8... Rb8 {is far more popular,
for example} 9. Rc1 Bd7 10. d5 Ne5 11. Ng3 Re8 (11... h5 $5) (11... b5 $5 12.
c5 c6 $1 $132) 12. h3 b5 13. b3 h5 14. f4 Nxc4 15. bxc4 h4 $1 16. e5 $1 dxe5
17. fxe5 hxg3 18. exf6 exf6 {Aronian-Vachier Lagrave, Tromso 2014, with a very
sharp middlegame.}) 9. Bh6 {A rare move.} (9. Nc1) ({and} 9. h4 {are more
common.}) 9... b5 $146 {A novelty by Demchenko.} (9... Bxh6 {has also been
played,} 10. Qxh6 e5 11. O-O-O b5 12. h4 $1 bxc4 (12... exd4 $5) 13. h5 Qe7 14.
g4 $1 $40 {Gupta-Smirin, New Delhi 2012, with an attack.}) 10. h4 ({If White
accepts the P,} 10. Bxg7 Kxg7 11. cxb5 axb5 12. Nxb5 Qb8 13. Nec3 Nb4 $44 {
and Black has some compensation for the P.}) 10... e5 (10... Bxh6 $6 {looks
too dangerous, because of} 11. Qxh6 bxc4 12. O-O-O $40 {followed by h5 with
attacking chances.}) 11. Bxg7 Kxg7 12. h5 bxc4 (12... Nxh5 {could have been
met by} 13. O-O-O {and White can continue his attack on the kingside.}) 13.
O-O-O Qe7 14. g4 (14. Nd5 $5) 14... Rab8 15. g5 (15. Nd5 $5) 15... Nxh5 16. Nd5
Qd8 17. Rxh5 $5 {A typical exchange sacrifice, however White will have some
compensation, but no more.} gxh5 18. Nf6 Rh8 19. dxe5 Nxe5 20. Nd4 ({The
engine suggests} 20. Ng3 $5 Ba4 21. f4 $1 Bxd1 22. Kxd1 {with huge
complications according to Mr. Komodo 10! :)}) 20... c5 $2 {A logical reaction,
because Black wants to shift the N from d4, but this is a mistake.} ({Probably
} 20... h6 $1 {was the best reply,} 21. Nxd7 Qxd7 22. f4 (22. Nf5+ Kf8 $17)
22... Ng4 23. Qc3 Kg8 $17 {and Black looks safe.}) 21. Nc2 Ba4 22. f4 {A
tempting move,} ({but} 22. Qc3 $1 {was more accurate,} Bxc2 23. Kxc2 {followed
by f4 with a dangerous threat on the long diagonal.}) 22... Bxc2 23. Qxc2 Nc6
24. Bxc4 ({Now} 24. Qc3 {is too late, because of} Nd4 {and Black closes the
diagonal.}) 24... Nd4 $2 {Another tempting move, but this is an error.} (24...
h4 $1 {was important,} 25. Qh2 (25. Kb1 $5) 25... h5 $1 $132 {This is the
point of Black's previous move.}) 25. Qh2 $1 {Suddenly Black's K becomes
really weak and I cannot see how Black will defend against White's attack.} Qb6
26. Nxh5+ Kf8 27. Nf6 Qb7 28. Rd2 $2 {A big mistake, which misses the win.} ({
White should have played} 28. Qh6+ $1 Ke7 29. b3 $18 {and he has a decisive
attack.}) 28... h5 $1 {A very nice defensive move, now Black's K is safe again!
} 29. f5 Ke7 $2 {Another mistake, because the position is very difficult.} (
29... Qe7 $1 {was correct to protect his K as much as possible.}) 30. e5 $2 {
Error in reply!} (30. g6 $1 {was the strongest continuation,} fxg6 31. fxg6
Kxf6 32. Qxd6+ Kg7 33. Qe5+ Kh6 34. Rh2 $18 {and White is winning.}) 30... Nf3
$1 31. exd6+ Kd8 32. Qf4 Nxd2 33. Qxd2 Rf8 $2 {Too passive.} ({Black should
have played} 33... h4 {to create counterplay with his h-P.}) 34. Qe2 $1 {
Very nice move!} h4 35. Bd5 $1 Qa7 36. d7 $2 {The decisive mistake!} ({The
smart} 36. Bc6 $1 {was winning, for example} c4 37. Nd5 $1 Rb7 38. Bxb7 Re8 (
38... Qxb7 39. Qe7+ $18) 39. Qd2 Qxb7 40. Qa5+ Kc8 41. d7+ $1 Kxd7 42. Nf6+ $18
) 36... Qb6 37. b3 Qd6 38. Qe3 $6 {White is starting to lose control, and in
practical terms his position is becoming very difficult.} ({The computer
suggests} 38. Bxf7 h3 39. Nd5 Kxd7 40. Be6+ Kd8 41. g6 {with a very
complicated position.}) 38... h3 $1 39. Qxh3 Qf4+ 40. Kb1 Qxg5 41. Qc3 Qg1+ 42.
Kc2 Qf2+ 43. Qd2 Qxd2+ 44. Kxd2 Ke7 $19 {Black has successfully exchanged Qs,
his endgame should be winning.} 45. Ne4 Kxd7 46. Kc3 a5 47. a3 Rfe8 48. Nxc5+
Kd6 49. Kd4 Re1 50. Bxf7 Rd1+ 51. Nd3 Ke7 52. Bc4 Kf6 53. Kc3 Kxf5 54. Kc2 Rg1
55. Nc5 Rg3 56. Bd3+ Kf4 57. Kc3 Rc8 58. b4 axb4+ 59. axb4 Ke5 60. Kc4 Rg4+ 61.
Kb3 Rh8 62. Bb5 Kd6 63. Kc3 Rhh4 64. Nd3 Rg3 65. Bc4 Rg7 66. Ba6 ({Probably} 
66. Kb3 {was tougher} Rgg4 67. Bb5 Kd5 68. Ba6 {, but here too Black should be
winning.}) 66... Kd5 67. Nc5 Rh3+ 68. Bd3 Rg4 69. Nb3 Rc4+ 70. Kd2 Rxb4 71. Nc1
Rb2+ 72. Kc3 Rg2 73. Kb4 Rg1 74. Bc4+ Kd6 75. Nd3 Rg7 76. Nc5 Rh4 77. Nb3 Rgg4
{What a great struggle!} 0-1

[Event "Olympiad-42"]
[Site "Baku"]
[Date "2016.09.05"]
[Round "4.2"]
[White "Lenic, Luka"]
[Black "Markus, Robert"]
[Result "1-0"]
[WhiteElo "2622"]
[BlackElo "2662"]
[Annotator "Havasi,G"]
[PlyCount "103"]
[EventDate "2016.09.02"]
[EventType "team-swiss"]
[EventRounds "11"]
[EventCountry "AZE"]
[SourceTitle "CBM 175"]
[Source "ChessBase"]
[SourceDate "2016.11.10"]
[SourceVersion "1"]
[SourceVersionDate "2016.11.10"]
[SourceQuality "1"]
[WhiteTeam "Slovenia"]
[BlackTeam "Serbia"]
[WhiteTeamCountry "SLO"]
[BlackTeamCountry "SRB"]

1. d4 Nf6 2. c4 g6 3. Nc3 Bg7 4. e4 d6 5. f3 O-O 6. Be3 Nc6 7. Qd2 e5 8. d5 Nd4
(8... Ne7 {is the other move.}) 9. Nge2 Nxe2 (9... c5 {is more often played.}
10. dxc6 Nxc6 {with unclear play.}) 10. Bxe2 Nh5 11. O-O-O f5 {This was
Black's idea with Nxe2. The king is on the queenside, but this pawn advance is
effective without the goal of attacking the king, too.} 12. Kb1 Qe7 13. exf5
gxf5 14. g3 {Typical handling of the position. It is a very useful move. One
of the purposes of the move is to prevent ...Nf4.} Bd7 15. Bd3 Rae8 16. Bc2 {
Preventing ...e4.} a6 17. Bg5 Qf7 18. Rhg1 {A good plan. White has nothing to
play for other than g4.} Kh8 19. g4 Nf4 20. gxf5 Bxf5 21. Bxf5 Qxf5+ 22. Ne4
Nh3 (22... h6 23. Bxf4 exf4 24. Qc2 $14 {is a little advantage for White
because of the e4-knight.}) 23. Rg3 Nf2 {Very interesting. Black tries to get
rid of the strong e4-knight.} 24. Re1 $1 (24. Qxf2 Qxe4+ 25. fxe4 Rxf2 26. Rd2
$14) 24... Nxe4 25. fxe4 Qf2 26. Rg2 (26. Qd1 {was also possible with the plan
of attacking on the kingside with Reg1 or Rh3, Qh5 in the future.}) 26... Qf3 {
Black wants to keep the active queen.} (26... Qxd2 27. Bxd2 Bf6 {would be a
very small advantage. It might be a draw, but it is a fact that a very long
game would be awaiting Black, as White could keep on trying for a lot of moves.
}) 27. Rg3 Qf2 28. Rg2 Qf3 29. Qc2 Rf7 30. Reg1 Ref8 31. Bc1 $14 {All of the
forces are in the game. The next question is whether White can exploit his
advantage.} Qh5 32. Rg5 Qf3 33. R5g3 Qh5 34. a3 h6 (34... Bh6 $4 {would be a
losing mistake:} 35. Qg2 {[%cal Rg3g8]}) 35. Ka2 Rf2 36. Qa4 R2f7 37. Qc2 Rf2
38. Qa4 R2f7 39. Qb3 Qxh2 (39... b6 40. Rh3 {was the point.}) 40. Qxb7 (40. Qd1
$1 {was immediately winning:} Qh4 41. Rg6 $18) 40... Qe2 41. Qxa6 Qxe4 {
Black has managed to get some activity for the pawn. It was a very good
practical chance.} 42. Qa4 Rb8 43. Rg4 Qf5 44. Qa7 Rbf8 45. Qe3 Rb8 (45... Qh7
46. Rg6 $18) 46. Qg3 Qh7 47. Rg6 $1 {The finishing move. White is winning.} e4
48. Rg2 h5 49. b4 Rbf8 50. Rxg7 Rxg7 51. Bb2 Rff7 52. Qh4 1-0